000 00487nam a22001697a 4500
005 20231114091613.0
008 231114b |||||||| |||| 00| 0 eng d
020 _a0409049662
041 _aAfrikaans / English
082 _a345 GID
100 _lAfrikaans / English
245 _aGids Prokureurs Dienste
260 _aDurban :
_bButterworth-Uitgewers,
_c1984/85
300 _b72 pages ;
_c30,5 cm.
650 _aLegal practice
_bLaw
942 _cBK
_6ALISON_BN_VRIES
999 _c613
_d613